000 00879cam a22002537i 4500
001 22127069
005 20241210104245.0
008 210712s2021 ctu b 001 0 eng
020 _a9780300257311
_q(paperback)
020 _a9780300055832
_q(paperback)
050 0 0 _aMLCS 2023/45572 (B)
100 1 _aAhmed, Leila,
_eauthor.
245 1 0 _aWomen and gender in Islam :
_bhistorical roots of a modern debate /
_cLeila Ahmed ; with a foreword by Kecia Ali.
250 _aVeritas paperback edition.
300 _axvi, 296 pages ;
_c20 cm.
500 _aMinimal Level Cataloging Plus.
_5DLC
650 0 _aWomen in Islam.
650 0 _aWomen
_zArab countries
_xSocial conditions.
650 0 _aSexism
_zArab countries
_xHistory.
650 0 _aMuslim women
_xAttitudes.
650 0 _aFeminism
_zArab countries.
700 1 _aAli, Kecia,
_ewriter of foreword.
942 _2lcc
_cBK
_n0
999 _c2027
_d2027